| 000 | 00000nam 2200000za 4500 |
| 001 | 9.643491 |
| 003 | CaOODSP |
| 005 | 20210624224208 |
| 007 | cr ||||||||||| |
| 008 | 150407s2014 onc o f000 0 fre d |
| 020 | |a9780660224091 |
| 040 | |aCaOODSP|bfre |
| 043 | |an-cn--- |
| 086 | 1 |aA118-10/33-2014F-PDF |
| 110 | 1 |aCanada. |bAgriculture et agroalimentaire Canada. |bCentre de lutte antiparasitaire. |
| 245 | 10|aProfil des cultures du Crucifères au Canada, 2012 / |h[ressource électronique]|cpréparé par : Programme de réduction des risques liés aux pesticides. |
| 250 | |aDeuxième édition – 2014 |
| 260 | |aOttawa - Ontario : |bAgriculture et Agroalimentaire Canada. |cc2014. |
| 300 | |a80 p.|bcarte, références, tableaux |
| 590 | |a14-29|b2014-07-18 |
| 775 | 08|tCrop profile for brassica vegetables in Canada, 2012 / |w(CaOODSP)9.699543 |
| 794 | |tProfil des cultures de crucifères au Canada, 2015 |bTroisième édition|w(CaOODSP)9.856279 |
| 856 | 40|qPDF|s1.60 Mo|uhttps://publications.gc.ca/collections/collection_2014/aac-aafc/A118-10-33-2014-fra.pdf |